Countries with the Tallest Churches - Statistics

General Stats
  • This quiz has been taken 33 times
  • The average score is 22 of 28
Answer Stats
Rank
Churches
above 100m
Denomination Answer % Correct
#16 1 Catholic Brazil
100%
#20 3 Anglican United Kingdom
100%
#22 3 Catholic & Baptist USA
100%
#2 28 Catholic & Lutheran Germany
97%
#49 1 Catholic Mexico
97%
#1 2 Catholic Spain
97%
#73 1 Catholic Canada
93%
#4 8 Catholic France
93%
#21 3 Eastern Orthodox Russia
93%
#39 2 Catholic Argentina
90%
#42 6 Catholic Poland
90%
#7 3 Catholic Austria
86%
#36 1 Catholic Colombia
86%
#13 3 Catholic Italy
86%
#23 4 Lutheran Sweden
86%
#58 1 Catholic Australia
83%
#9 1 Eastern Orthodox Romania
79%
#80 1 Reformed Switzerland
72%
#71 2 Catholic Czech Republic
69%
#83 1 Catholic Hungary
69%
#44 1 Reformed Netherlands
69%
#47 1 Catholic Croatia
66%
#30 1 Catholic Ecuador
66%
#17 3 Catholic Belgium
62%
#19 1 Lutheran Latvia
62%
#18 2 Lutheran Estonia
59%
#6 1 Catholic Vatican City
59%
#3 1 Catholic Ivory Coast
17%
No matching quizzes found
Score Distribution
Percent of People with Each Score
Percentile by Number Answered
Your Score History
You have not taken this quiz